000 00276nam a2200109Ia 4500
008 200302s9999 xx 000 0 und d
100 _aEl Criquis
245 _aPracticas Arquitectonicas Architectural Practices
260 _bEuros in Spain
260 _c2008
300 _a313 P.,
999 _c2657
_d2657